Best Players to Ever Wear a Hornets Jersey - Statistics

General Stats
  • This quiz has been taken 5 times
  • The average score is 7 of 20
Answer Stats
Hint Answer % Correct
8. Kemba Walker
100%
1. Dwight Howard
80%
13. Juwan Howard
80%
20. LaMelo Ball
80%
9. Larry Johnson
80%
4. Alonzo Mourning
60%
5. Glen Rice
60%
3. Tony Parker
60%
18. Al Jefferson
20%
14. Baron Davis
20%
10. Derrick Coleman
20%
11. Isaiah Thomas
20%
2. Robert Parish
20%
17. Anthony Mason
0%
12. Dale Ellis
0%
19. Jamal Mashburn
0%
15. Kelly Tripucka
0%
16. Steve Smith
0%
7. Tom Chambers
0%
6. Tyson Chandler
0%
No matching quizzes found
Score Distribution
Percent of People with Each Score
Percentile by Number Answered
Your Score History
You have not taken this quiz